000
00254 a2200097 4500
000
nam a22 7a 4500
100
_a
Kumbhojkar,G.V
_9
37
245
_a
Engineering Mathematics III : computer engineering
260
_b
P.Jamnadas
_c
2021
264
_b
P.Jamnadas
999
_c
35890
_d
35890